书目信息 |
| 题名: |
老师的谎言
|
|
| 作者: | 洛温 著 ;马万利 译 | |
| 分册: | ||
| 出版信息: | 北京 中央编译出版社 2015 |
|
| 页数: | 19,433页 | |
| 开本: | 24cm | |
| 丛书名: | ||
| 单 册: | ||
| 中图分类: | K712.09 | |
| 科图分类: | ||
| 主题词: | 历史--美国--通俗读物 | |
| 电子资源: | ||
| ISBN: | 978-7-5117-2740-4 | |
| 000 | 01267nam0 2200277 450 | |
| 001 | 012001001675 | |
| 005 | 20180925093400.64 | |
| 010 | @a978-7-5117-2740-4@dCNY58.00 | |
| 100 | @a20151101d2015 em y0chiy50 ea | |
| 101 | 1 | @achi@ceng |
| 102 | @aCN@b110000 | |
| 105 | @aa z 001yy | |
| 106 | @ar | |
| 200 | 1 | @a老师的谎言@9lao shi de huang yan@e美国历史教科书中的错误@dLies my teacher told me@eeverything your American history textbook got wrong@zeng@f(美)詹姆斯·洛温(James W. Loewen)著@g马万利译 |
| 205 | @a修订版 | |
| 210 | @a北京@c中央编译出版社@d2015 | |
| 215 | @a19,433页@c图@d24cm | |
| 330 | @a詹姆斯·洛温发现,美国课堂上使用的教科书都充斥着错误的信息和短视的见解。本书针对这一现象写作而成,它改变了我们与美国历史的关系。在书中,洛温详细剖析了美国现行的历史教科书,并对教科书中的谎言进行了细致入微的分析,展示了历史的生动性与复杂性。 | |
| 510 | 1 | @aLies my teacher told me@eeverything your American history textbook got wrong@zeng |
| 517 | 1 | @a美国历史教科书中的错误@9mei guo li shi jiao ke shu zhong de cuo wu |
| 606 | 0 | @a历史@y美国@j通俗读物 |
| 690 | @aK712.09@v5 | |
| 701 | 0 | @c(美)@a洛温@9luo wen@c(Loewen, James W. )@4著 |
| 702 | 0 | @a马万利@9ma wan li@4译 |
| 801 | 0 | @aCN@b上海新华@c20180901 |
| 905 | @b1152177-81@dK712.09@e52=2@f5 | |
| 老师的谎言:美国历史教科书中的错误=Lies my teacher told me:everything your American history textbook got wrong/(美)詹姆斯·洛温(James W. Loewen)著/马万利译.-修订版.-北京:中央编译出版社,2015 |
| 19,433页:图;24cm |
| ISBN 978-7-5117-2740-4:CNY58.00 |
| 詹姆斯·洛温发现,美国课堂上使用的教科书都充斥着错误的信息和短视的见解。本书针对这一现象写作而成,它改变了我们与美国历史的关系。在书中,洛温详细剖析了美国现行的历史教科书,并对教科书中的谎言进行了细致入微的分析,展示了历史的生动性与复杂性。 |
| ● |
| 相关链接 |
|
|
|
|
正题名:老师的谎言
索取号:K712.09/52=2
 
预约/预借
| 序号 | 登录号 | 条形码 | 馆藏地/架位号 | 状态 | 备注 |
| 1 | 1152177 | 211521771 | 第二样本阅览室/ [索取号:K712.09/52=2] | 在馆 | |
| 2 | 1152178 | 211521780 | 第二借阅区/ [索取号:K712.09/52=2] | 在馆 | |
| 3 | 1152179 | 211521799 | 第二借阅区/ [索取号:K712.09/52=2] | 在馆 | |
| 4 | 1152180 | 211521806 | 第二借阅区/ [索取号:K712.09/52=2] | 在馆 | |
| 5 | 1152181 | 211521815 | 史法系资料室/ [索取号:K712.09/52=2] | 在馆 |